MARC

LEADER 00000nam0a2200000 4500
001 25871
005 20231030201219.0
010 |a 0201149893 
035 |a (RuTPU)RU\TPU\book\26109 
035 |a BOOK00000025 
090 |a 25871 
100 |a 20011209d1987 k y0engy50 ba 
101 0 |a eng 
102 |a US 
105 |a a z 000zy 
200 1 |a Turbo Pascal  |e Problem Solving and Program Design  |f E. B. Koffman, B. R. Maxim 
210 |a New York  |c Addison-Wesley Publishing Company  |d 1987 
215 |a 790 p.  |c il. 
610 1 |a вычислительная техника 
610 1 |a программирование 
610 1 |a Turbo Pascal 
610 1 |a Турбо Паскаль 
675 |a 681.3.06  |v 3 
700 1 |a Koffman  |b E. B.  |g Elliot B. 
701 1 |a Maxim  |b B. R.  |g Bruce R. 
801 0 |a RU  |b 63413507  |c 20011209  |g PSBO 
801 2 |a RU  |b 63413507  |c 20090513  |g PSBO 
942 |c BK